Importance of linguistics in learning and teaching foreign language

Čo by mal učiteľ jazyka očakávať od štúdia lingvistiky a lingvistov. Prínos lingvistov k spôsobom učenia a vysvetlenia ako a v akých oblastiach sa používa jazyk, odborné školenia, princípy správneho učenia, hodnota aplikovanej lingvistiky.

Salvato in:
Dettagli Bibliografici
Autore principale: Strelinger, Ján, 1964-
Natura: Capitolo di libro
Lingua:inglese
Soggetti:
Tags: Aggiungi Tag
Nessun Tag, puoi essere il primo ad aggiungerne!!

MARC

LEADER 00000nla a2200000 4500
001 0238197
005 20240502073843.1
041 0 |a eng 
044 |a SK 
245 1 0 |a Importance of linguistics in learning and teaching foreign language  |c Ján Strelinger 
520 |a Čo by mal učiteľ jazyka očakávať od štúdia lingvistiky a lingvistov. Prínos lingvistov k spôsobom učenia a vysvetlenia ako a v akých oblastiach sa používa jazyk, odborné školenia, princípy správneho učenia, hodnota aplikovanej lingvistiky. 
610 2 0 |a jazyky cudzie 
610 2 0 |a jazykoveda 
610 2 0 |a vzdelávanie 
610 2 0 |a vyučovanie 
100 1 |a Strelinger, Ján, 1964-